Normal view
MARC view
Entry Personal Name
001 - CONTROL NUMBER
- control field: 5366
003 - CONTROL NUMBER IDENTIFIER
- control field: NLI
005 - DATE AND TIME OF LATEST TRANSACTION
- control field: 20210428150434.0
008 - FIXED-LENGTH DATA ELEMENTS
- fixed length control field: 210428|| aca||aabn | a|a d
040 ## - CATALOGING SOURCE
- Original cataloging agency: NLI
- Transcribing agency: NLI
100 ## - HEADING--PERSONAL NAME
- Personal name: Venugopal, Bangaru
670 ## - SOURCE DATA FOUND
- Source citation: Work cat.: (NLI): Venugopal, Bangaru, Relevance of law in Hindu EPIC(Hindu Puranas), 2018
